[Event "Berkeley International"]
[Site "Berkeley"]
[Date "2011.01.05"]
[Round "6"]
[White "Dixon, Dakota"]
[Black "Rumph, Todd"]
[Result "1/2-1/2"]
[WhiteElo "2063"]
[BlackElo "2165"]
[PlyCount "82"]
[EventDate "2011.01.02"]
[EventRounds "10"]
[EventCountry "USA"]
[SourceDate "2011.01.03"]

1. d4 d5 2. c4 dxc4 3. e3 Nf6 4. Bxc4 e6 5. Nf3 c5 6. O-O a6 7. Nc3 b5 8. Bd3
Bb7 9. dxc5 Bxc5 10. e4 Nbd7 11. Qe2 Qb8 12. a3 Ng4 13. Nd1 O-O 14. h3 Nge5 15.
Nxe5 Nxe5 16. Bf4 Bd6 17. Bxe5 Bxe5 18. Ne3 Rd8 19. Rfd1 Bd4 20. a4 Qe5 21. Ng4
Qf4 22. axb5 axb5 23. Rxa8 Bxa8 24. Bxb5 h5 25. Ne3 Qxe4 26. Qxh5 Bd5 27. Qg4
f5 28. Qxe4 Bxe4 29. Bc4 Kf7 30. Kf1 Ke7 31. Ke2 f4 32. f3 fxe3 33. fxe4 e5 34.
Rf1 Rb8 35. b3 Ra8 36. Kf3 Rf8+ 37. Kg3 Rf2 38. Rxf2 exf2 39. Kf3 Kf6 40. h4
Kg6 41. g4 Bc5 1/2-1/2

[Event "Berkeley International"]
[Site "Berkeley"]
[Date "2011.01.05"]
[Round "7"]
[White "Amanov, Zhanibek"]
[Black "Abrahamyan, Tatev"]
[Result "1/2-1/2"]
[WhiteElo "2421"]
[BlackElo "2327"]
[PlyCount "144"]
[EventDate "2011.01.02"]
[EventRounds "10"]
[EventCountry "USA"]
[SourceDate "2011.01.03"]

1. d4 Nf6 2. Nf3 g6 3. Bg5 Ne4 4. Bf4 Bg7 5. Nbd2 Nxd2 6. Qxd2 d5 7. Bh6 Bxh6
8. Qxh6 Qd6 9. c3 Bf5 10. Qg7 Qf6 11. Qxf6 exf6 12. e3 O-O 13. c4 dxc4 14. Bxc4
Nd7 15. O-O Rad8 16. Rfc1 Nb6 17. Be2 c6 18. Nd2 Rfe8 19. Nb3 Na4 20. Na5 Re7
21. b3 Nb6 22. Bf3 Rdd7 23. Rc5 Be4 24. Be2 f5 25. g3 Bd5 26. Rc3 Nc8 27. Nc4
f6 28. f3 Kg7 29. Kf2 g5 30. Rd1 Bf7 31. Nb2 Nb6 32. Bc4 Rd8 33. Nd3 Rde8 34.
Nc5 h5 35. h3 Nd5 36. Bxd5 Bxd5 37. Re1 Kg6 38. Rc2 g4 39. fxg4 hxg4 40. h4 f4
41. gxf4 g3+ 42. Kxg3 Rxe3+ 43. Rxe3 Rxe3+ 44. Kf2 Rh3 45. Re2 b6 46. Nd7 Kf5
47. Re8 Rxh4 48. Rf8 Rxf4+ 49. Ke3 Rf3+ 50. Ke2 Ke6 51. Nb8 Rh3 52. Re8+ Kd6
53. Na6 Rh2+ 54. Kd3 Be6 55. Rd8+ Ke7 56. Ra8 Rxa2 57. Nb4 Rb2 58. Nxc6+ Kd7
59. Nxa7 Rxb3+ 60. Ke4 Kd6 61. Nc8+ Kc7 62. Ne7 Bd7 63. Rf8 Kd6 64. Nf5+ Bxf5+
65. Kxf5 Rf3+ 66. Ke4 Rf1 67. Rd8+ Kc7 68. Rf8 Kc6 69. Rc8+ Kd7 70. Rf8 b5 71.
Kd5 Rf5+ 72. Ke4 Rf1 1/2-1/2

[Event "Berkeley International"]
[Site "Berkeley"]
[Date "2011.01.05"]
[Round "7"]
[White "Carreto Nieto, Giovanni"]
[Black "Uesugi, Shinsaku"]
[Result "1-0"]
[WhiteElo "2231"]
[BlackElo "2331"]
[PlyCount "93"]
[EventDate "2011.01.02"]
[EventRounds "10"]
[EventCountry "USA"]
[SourceDate "2011.01.03"]

1. e4 c5 2. Nf3 Nc6 3. d4 cxd4 4. Nxd4 Nf6 5. Nc3 e5 6. Ndb5 d6 7. Bg5 a6 8.
Na3 b5 9. Bxf6 gxf6 10. Nd5 f5 11. c3 Bg7 12. Bd3 Be6 13. Nxb5 axb5 14. Bxb5
Bd7 15. exf5 Nb8 16. a4 Bxb5 17. axb5 Rxa1 18. Qxa1 O-O 19. O-O Nd7 20. Qa7 e4
21. b6 Be5 22. Re1 e3 23. f4 Bxf4 24. Nxf4 Nxb6 25. Ne2 Re8 26. Rf1 Re4 27. Qb7
d5 28. Qc6 Nc4 29. Rf3 Ne5 30. Rg3+ Kh8 31. Qa6 Ng4 32. h3 Nf6 33. b4 Re5 34.
Rf3 Ne4 35. Qh6 Ng5 36. Rf1 f6 37. b5 Nf7 38. Qh4 Nd6 39. b6 Re4 40. Qh6 Kg8
41. Rb1 Nxf5 42. Qh5 Ng7 43. Qf3 Re8 44. Rb5 Kf7 45. b7 Qc7 46. Qxd5+ Ne6 47.
Qh5+ 1-0

[Event "Berkeley International"]
[Site "Berkeley"]
[Date "2011.01.05"]
[Round "7"]
[White "Collins, Sam"]
[Black "Ginsburg, Mark"]
[Result "1/2-1/2"]
[WhiteElo "2436"]
[BlackElo "2393"]
[PlyCount "144"]
[EventDate "2011.01.02"]
[EventRounds "10"]
[EventCountry "USA"]
[SourceDate "2011.01.03"]

1. e4 c5 2. c3 d6 3. d4 Nf6 4. Bd3 cxd4 5. cxd4 g6 6. Nc3 Bg7 7. h3 O-O 8. Nf3
Nc6 9. O-O Nh5 10. Be2 e5 11. dxe5 dxe5 12. Qxd8 Rxd8 13. Bg5 f6 14. Bc4+ Kh8
15. Be3 Nf4 16. Rfd1 Be6 17. Bd5 Bxd5 18. exd5 Na5 19. g3 Nh5 20. b3 Rd7 21.
Rac1 Bf8 22. Ne4 Ba3 23. Rb1 Kg7 24. b4 Nc4 25. Nc5 Rf7 26. Ne6+ Kg8 27. Bh6 a5
28. bxa5 Rxa5 29. g4 Nf4 30. Nxf4 exf4 31. Bxf4 Bd6 32. Rbc1 Bxf4 33. Rxc4 Bd6
34. Rd2 Rf8 35. Re4 Kf7 36. Rb2 Rb8 37. Rd2 Rd8 38. Kg2 Rda8 39. Ree2 Bf4 40.
Rd4 Bd6 41. Re6 Rd8 42. g5 f5 43. a4 Kg8 44. Ne5 Bxe5 45. Rxe5 b5 46. axb5 Rxb5
47. Re7 Rbxd5 48. Rh4 R5d7 49. Rhxh7 Rxe7 50. Rxe7 Rd4 51. Kg3 Kf8 52. Rc7 Kg8
53. Ra7 Kf8 54. Rc7 Kg8 55. Rb7 Kf8 56. h4 Kg8 57. Ra7 Kf8 58. Rb7 Kg8 59. Rb5
Kg7 60. Ra5 Rc4 61. Ra7+ Kg8 62. Ra3 Kg7 63. Rd3 Rb4 64. Rd7+ Kg8 65. Re7 Rd4
66. Re5 Kg7 67. Re7+ Kg8 68. h5 gxh5 69. f4 h4+ 70. Kf3 h3 71. Kg3 Rd3+ 72. Kh2
Rf3 1/2-1/2

[Event "Berkeley International"]
[Site "Berkeley"]
[Date "2011.01.05"]
[Round "7"]
[White "Cornejo, Max"]
[Black "Bojkov, Dejan"]
[Result "0-1"]
[WhiteElo "2413"]
[BlackElo "2544"]
[PlyCount "112"]
[EventDate "2011.01.02"]
[EventRounds "10"]
[EventCountry "USA"]
[SourceDate "2011.01.03"]

1. e4 e5 2. Nf3 Nc6 3. d4 exd4 4. Nxd4 Nf6 5. Nxc6 bxc6 6. e5 Qe7 7. Qe2 Nd5 8.
Nd2 g6 9. Nf3 Bg7 10. c4 Nb6 11. Qe3 O-O 12. Be2 Ba6 13. b3 f6 14. a4 fxe5 15.
a5 e4 16. Ra2 Nc8 17. Ba3 c5 18. Nd2 d6 19. Qxe4 Qxe4 20. Nxe4 Rb8 21. Nd2 Bc3
22. O-O Bxd2 23. Rxd2 Rxb3 24. Bb2 Ne7 25. Re1 Nf5 26. g4 Nh4 27. g5 Re8 28.
Rc1 Bb7 29. Rc3 Rxc3 30. Bxc3 Bf3 31. Kf1 Kf7 32. Bxf3 Nxf3 33. Rb2 Ke6 34. Rb7
Kd7 35. a6 Nxg5 36. Ba5 Ne6 37. Kg2 Rc8 38. Rb3 Nd4 39. Rh3 h5 40. Rg3 Nf5 41.
Rb3 Ne7 42. Rf3 Nc6 43. Bc3 Re8 44. Rf7+ Re7 45. Rf6 Re6 46. Rf7+ Ne7 47. Rh7
c6 48. Rh8 Re4 49. Bf6 Rxc4 50. Bxe7 Kxe7 51. Ra8 Ra4 52. Rxa7+ Ke6 53. Ra8 Kd5
54. a7 c4 55. Kf3 Kc5 56. Ke3 d5 0-1

[Event "Berkeley International"]
[Site "Berkeley"]
[Date "2011.01.05"]
[Round "7"]
[White "Evans, Bela"]
[Black "Gaffagan, Steven"]
[Result "1-0"]
[WhiteElo "2262"]
[BlackElo "1995"]
[PlyCount "173"]
[EventDate "2011.01.02"]
[EventRounds "10"]
[EventCountry "USA"]
[SourceDate "2011.01.03"]

1. e4 d5 2. exd5 Qxd5 3. Nf3 Bg4 4. Be2 Nc6 5. O-O e5 6. Nc3 Qd7 7. h3 Bf5 8.
Bb5 Bd6 9. d4 exd4 10. Re1+ Nge7 11. Bxc6 bxc6 12. Nxd4 Bg6 13. Bg5 O-O 14. Ne4
f6 15. Nxd6 cxd6 16. Bf4 Nd5 17. Bg3 Rfe8 18. Qd2 Nb6 19. b3 c5 20. Ne2 d5 21.
Nf4 Bf7 22. a4 d4 23. Nd3 Qc6 24. Rxe8+ Rxe8 25. a5 Nd5 26. Re1 Rc8 27. Nb2 Nc3
28. Re7 a6 29. Qe1 Nd5 30. Re2 Nc3 31. Re7 Nd5 32. Ra7 Re8 33. Qd2 Nc3 34. Qd3
Nb5 35. Rxf7 Kxf7 36. Qxh7 Nc3 37. Qh5+ Kg8 38. Kh2 Ne4 39. Nd3 Nxg3 40. Kxg3
Qc7+ 41. f4 Rc8 42. Qd5+ Kf8 43. Qc4 Qc6 44. Kf2 Qb5 45. Qe6 Qc6 46. Qc4 g6 47.
h4 Kg7 48. Kg3 Rc7 49. Kf2 Qb5 50. f5 Qe8 51. Qxa6 Qe3+ 52. Kf1 Re7 53. fxg6
Qe2+ 54. Kg1 Qxc2 55. Qd6 Qe2 56. Qxc5 Qe3+ 57. Kh2 Re4 58. Qh5 Qh6 59. Qxh6+
Kxh6 60. a6 Re6 61. Nc5 d3 62. Nxe6 d2 63. a7 d1=Q 64. a8=Q Qd6+ 65. g3 Qxe6
66. Qf3 Kxg6 67. g4 Qd6+ 68. Kh3 Qb8 69. h5+ Kg7 70. Qd3 Qf4 71. b4 Qxb4 72.
Qg6+ Kh8 73. Qxf6+ Kg8 74. Qg5+ Kh8 75. Qf6+ Kh7 76. Qf5+ Kh8 77. g5 Qc3+ 78.
Kg4 Qd4+ 79. Qf4 Qg1+ 80. Kf5 Qb1+ 81. Qe4 Qf1+ 82. Ke5 Qb5+ 83. Kf6 Qf1+ 84.
Qf5 Qa6+ 85. Qe6 Qa1+ 86. Qe5 Qa7 87. Kg6+ 1-0

[Event "Berkeley International"]
[Site "Berkeley"]
[Date "2011.01.05"]
[Round "7"]
[White "Friedel, Joshua E"]
[Black "Yankovsky, Roman"]
[Result "1-0"]
[WhiteElo "2508"]
[BlackElo "2359"]
[PlyCount "115"]
[EventDate "2011.01.02"]
[EventRounds "10"]
[EventCountry "USA"]
[SourceDate "2011.01.03"]

1. d4 Nf6 2. Nf3 e6 3. g3 d5 4. Bg2 c5 5. c4 Nc6 6. O-O dxc4 7. Ne5 Bd7 8. Na3
cxd4 9. Naxc4 Nxe5 10. Nxe5 Qb6 11. Bf4 Bb5 12. a4 Ba6 13. a5 Qb5 14. Qxd4 Rd8
15. Qxd8+ Kxd8 16. Rfd1+ Ke7 17. Rac1 Nd5 18. e4 f6 19. exd5 fxe5 20. Bxe5 Kf7
21. Rc7+ Be7 22. dxe6+ Kxe6 23. Re1 Kf7 24. Bh3 Rd8 25. Bc3 Qg5 26. f4 Qc5+ 27.
Rxc5 Bxc5+ 28. Kg2 Bc4 29. Bf5 Bd4 30. Bxh7 Bxc3 31. bxc3 Rd2+ 32. Kf3 Rxh2 33.
Be4 b6 34. axb6 axb6 35. Ra1 b5 36. Ra7+ Kf8 37. f5 Rh1 38. Kf4 Rc1 39. Ra3
Rf1+ 40. Ke3 Rg1 41. Kf4 Rf1+ 42. Ke3 Re1+ 43. Kf4 Rf1+ 44. Kg5 Rg1 45. Kh4 Re1
46. Bc6 Rc1 47. g4 Rg1 48. Kg5 Be2 49. Ra8+ Kf7 50. Be8+ Ke7 51. Bh5 Kd6 52.
Ra6+ Kc5 53. Ra7 Kc4 54. Rxg7 Kxc3 55. Rc7+ Kd4 56. f6 Rf1 57. f7 Bc4 58. Bg6
1-0

[Event "Berkeley International"]
[Site "Berkeley"]
[Date "2011.01.05"]
[Round "7"]
[White "Gurevich, Daniel"]
[Black "Dixon, Dakota"]
[Result "1-0"]
[WhiteElo "2078"]
[BlackElo "2063"]
[PlyCount "97"]
[EventDate "2011.01.02"]
[EventRounds "10"]
[EventCountry "USA"]
[SourceDate "2011.01.03"]

1. e4 c5 2. Nc3 Nc6 3. f4 g6 4. Nf3 Bg7 5. Bb5 Nd4 6. O-O Nxb5 7. Nxb5 Nh6 8.
d3 d6 9. Nc3 O-O 10. Qe1 Bd7 11. f5 gxf5 12. Qh4 Ng4 13. h3 Ne5 14. exf5 Nxf3+
15. Rxf3 Bc6 16. Rg3 Kh8 17. Rxg7 Kxg7 18. Bg5 f6 19. Bh6+ Kh8 20. Bxf8 Qxf8
21. Re1 Qf7 22. Ne2 Bd7 23. g4 e6 24. fxe6 Bxe6 25. Nf4 Re8 26. Qh6 Bxa2 27.
Rxe8+ Qxe8 28. Qxf6+ Kg8 29. Qxd6 Qe3+ 30. Kg2 Qd2+ 31. Kf3 Qxc2 32. Qb8+ Kf7
33. Qxb7+ Kf6 34. Qa6+ Ke5 35. d4+ Kxd4 36. Ne2+ Ke5 37. Qxa2 Qd3+ 38. Kf2 Qxh3
39. Qxa7 Qh4+ 40. Ng3 Qh2+ 41. Kf3 Kd5 42. Qd7+ Kc4 43. Qa4+ Kd5 44. Qe4+ Kd6
45. Nf5+ Kd7 46. Qd5+ Ke8 47. Qe6+ Kd8 48. Qe7+ Kc8 49. Nd6+ 1-0

[Event "Berkeley International"]
[Site "Berkeley"]
[Date "2011.01.05"]
[Round "7"]
[White "Gutman, Joshua"]
[Black "Hills, Kenneth"]
[Result "1/2-1/2"]
[WhiteElo "2124"]
[BlackElo "2161"]
[PlyCount "60"]
[EventDate "2011.01.02"]
[EventRounds "10"]
[EventCountry "USA"]
[SourceDate "2011.01.03"]

1. d4 d5 2. c4 Bf5 3. Nf3 e6 4. Nc3 c6 5. Qb3 Qc8 6. Bf4 Nd7 7. e3 Be7 8. Be2
h6 9. O-O Ngf6 10. Rac1 O-O 11. h3 Nb6 12. Nd2 dxc4 13. Nxc4 Nxc4 14. Bxc4 Ne4
15. Rfd1 Nxc3 16. Rxc3 Be4 17. Rdc1 Qd7 18. a3 Bd5 19. Qc2 Bxc4 20. Rxc4 Bd6
21. Qe4 Bxf4 22. Qxf4 Rfd8 23. b4 a6 24. Rc5 Qd6 25. Qxd6 Rxd6 26. a4 Rd5 27.
Rxd5 exd5 28. Rb1 Kf8 29. Kf1 Ke7 30. Ke2 Kd6 1/2-1/2

[Event "Berkeley International"]
[Site "Berkeley"]
[Date "2011.01.05"]
[Round "7"]
[White "Hess, Robert L"]
[Black "Zilberstein, Dmitry"]
[Result "1/2-1/2"]
[WhiteElo "2572"]
[BlackElo "2386"]
[PlyCount "81"]
[EventDate "2011.01.02"]
[EventRounds "10"]
[EventCountry "USA"]
[SourceDate "2011.01.03"]

1. e4 e5 2. Nf3 Nc6 3. Bb5 a6 4. Bxc6 dxc6 5. O-O f6 6. d4 Bg4 7. c3 Bd6 8. h3
Bh5 9. Be3 Ne7 10. Nbd2 O-O 11. Nc4 b5 12. Na5 Kh8 13. g4 Bg6 14. Nd2 exd4 15.
cxd4 Bb4 16. Nab3 c5 17. Nxc5 Bxc5 18. dxc5 Qd3 19. Re1 Nc6 20. Bf4 Rad8 21.
Rc1 Ne5 22. Rc3 Qd7 23. c6 Nxc6 24. Qe2 Nd4 25. Qd3 c5 26. b3 Ne6 27. Qxd7 Rxd7
28. Be3 Rfd8 29. Rc2 Ng5 30. Bxg5 fxg5 31. Nf3 Rd1 32. Rc1 Rxe1+ 33. Rxe1 h6
34. Ne5 Kh7 35. Nxg6 Kxg6 36. Rc1 Rc8 37. Kf1 Kf6 38. Ke2 Ke5 39. Ke3 c4 40.
bxc4 bxc4 41. Rc3 1/2-1/2

[Event "Berkeley International"]
[Site "Berkeley"]
[Date "2011.01.05"]
[Round "7"]
[White "Holt, Conrad"]
[Black "Rensch, Daniel"]
[Result "0-1"]
[WhiteElo "2388"]
[BlackElo "2393"]
[PlyCount "100"]
[EventDate "2011.01.02"]
[EventRounds "10"]
[EventCountry "USA"]
[SourceDate "2011.01.03"]

1. d4 Nf6 2. c4 e6 3. Nc3 Bb4 4. Qc2 O-O 5. e4 d5 6. e5 Ne4 7. Bd3 c5 8. Nf3
cxd4 9. Nxd4 Nd7 10. Bf4 Ndc5 11. O-O Nxd3 12. Qxd3 Bxc3 13. bxc3 b6 14. cxd5
Qxd5 15. Rfd1 Rd8 16. c4 Qb7 17. Qe3 Bd7 18. f3 Nc5 19. Bg5 Rdc8 20. Ne2 Ba4
21. Rd4 Nd7 22. Nc3 Bc6 23. h4 Qc7 24. Re1 h5 25. Rd6 Nf8 26. Red1 Bb7 27. R1d4
Qc5 28. Be7 Re8 29. Bxf8 Rxf8 30. Ne2 Qb4 31. Nf4 Qb1+ 32. Kh2 Qf5 33. Nd3 Rac8
34. Rf4 Qg6 35. c5 bxc5 36. Nxc5 Bd5 37. Ra4 Bxf3 38. Rd2 Bd5 39. Rxa7 Rc6 40.
Nd7 Rc4 41. Qf2 Rd8 42. Nb6 Re4 43. Nxd5 exd5 44. Rd3 Qe6 45. Rf3 Qxe5+ 46. Kh3
Qe6+ 47. Kh2 Rf8 48. Ra5 Qe5+ 49. Kh3 Re1 50. Rf4 Qc3+ 0-1

[Event "Berkeley International"]
[Site "Berkeley"]
[Date "2011.01.05"]
[Round "7"]
[White "Kiewra, Keaton F"]
[Black "Panchanathan, Magesh"]
[Result "1/2-1/2"]
[WhiteElo "2337"]
[BlackElo "2537"]
[PlyCount "82"]
[EventDate "2011.01.02"]
[EventRounds "10"]
[EventCountry "USA"]
[SourceDate "2011.01.03"]

1. e4 e5 2. Nf3 Nc6 3. Bb5 Nge7 4. O-O g6 5. d4 exd4 6. Nxd4 Bg7 7. Nxc6 bxc6
8. Bc4 d5 9. exd5 cxd5 10. Bb3 O-O 11. Nc3 c6 12. Re1 Nf5 13. Bf4 Re8 14. Rxe8+
Qxe8 15. Qd2 Be6 16. Re1 Qf8 17. Be5 f6 18. Bf4 Bf7 19. h3 Re8 20. Rxe8 Qxe8
21. Qe2 Qc8 22. Qd3 Bf8 23. Ne2 Qe6 24. g4 Nd6 25. Qe3 Qd7 26. c3 Ne4 27. f3
Nc5 28. Bc2 Ne6 29. Bg3 Qb7 30. b4 c5 31. Bf2 cxb4 32. Qxa7 Qc6 33. Qe3 Bc5 34.
Qd2 bxc3 35. Qxc3 d4 36. Qd3 Ng5 37. Kg2 Bxa2 38. Nxd4 Bxd4 39. Bxd4 Bd5 40.
Bd1 Ne6 41. Be3 Kf7 1/2-1/2

[Event "Berkeley International"]
[Site "Berkeley"]
[Date "2011.01.05"]
[Round "7"]
[White "Kraai, Jesse"]
[Black "Ris, Robert"]
[Result "1-0"]
[WhiteElo "2516"]
[BlackElo "2418"]
[PlyCount "69"]
[EventDate "2011.01.02"]
[EventRounds "10"]
[EventCountry "USA"]
[SourceDate "2011.01.03"]

1. c4 e6 2. Nc3 d5 3. cxd5 exd5 4. d4 c6 5. Bf4 Bd6 6. Bxd6 Qxd6 7. e3 Ne7 8.
Bd3 Bf5 9. Bxf5 Nxf5 10. Nf3 O-O 11. O-O Nd7 12. Qc2 Qf6 13. b4 a6 14. a4 b5
15. Ra2 Nd6 16. Rfa1 Rac8 17. axb5 axb5 18. Ra7 Rfd8 19. R1a6 h6 20. h3 Nb8 21.
Ra2 Nd7 22. Ne2 Nc4 23. Nf4 g6 24. Nd3 Kg7 25. Qc3 Qe6 26. Nc5 Qf5 27. Qa1 g5
28. Ne5 Ndxe5 29. dxe5 Kg6 30. e6 Ne5 31. exf7 Rd6 32. g4 Nxg4 33. f8=Q Rxf8
34. Rg7+ Kh5 35. Qd1 1-0

[Event "Berkeley International"]
[Site "Berkeley"]
[Date "2011.01.05"]
[Round "7"]
[White "Kuljasevic, Davorin"]
[Black "Shmeliov, Denis"]
[Result "0-1"]
[WhiteElo "2545"]
[BlackElo "2357"]
[PlyCount "82"]
[EventDate "2011.01.02"]
[EventRounds "10"]
[EventCountry "USA"]
[SourceDate "2011.01.03"]

1. d4 Nf6 2. c4 e6 3. Nc3 Bb4 4. e3 b6 5. Nge2 c5 6. a3 Ba5 7. Rb1 Na6 8. g3
Bb7 9. d5 b5 10. Bg2 bxc4 11. e4 exd5 12. exd5 O-O 13. O-O d6 14. Qa4 Bxc3 15.
bxc3 Qc8 16. Nf4 Nb8 17. Re1 Qc7 18. Qxc4 Nbd7 19. Bd2 Rae8 20. Rxe8 Rxe8 21.
Qa4 Bc8 22. c4 Nb6 23. Qc2 Qd7 24. Bh3 Qd8 25. Bf1 Nbd7 26. Nd3 Ng4 27. Bc3
Nge5 28. Nxe5 Nxe5 29. Bg2 Nxc4 30. Qa4 Ne5 31. Qxa7 h5 32. Qa4 Bg4 33. Qf4 Nd3
34. Qd2 c4 35. Bd4 Qe7 36. Be3 Ne5 37. Qc2 h4 38. h3 Bh5 39. Re1 Nd3 40. Rf1
hxg3 41. Qxc4 Be2 0-1

[Event "Berkeley International"]
[Site "Berkeley"]
[Date "2011.01.05"]
[Round "7"]
[White "Lobo, Richard"]
[Black "Ravichandran, Siddharth"]
[Result "0-1"]
[WhiteElo "2262"]
[BlackElo "2458"]
[PlyCount "44"]
[EventDate "2011.01.02"]
[EventRounds "10"]
[EventCountry "USA"]
[SourceDate "2011.01.03"]

1. c4 e5 2. Nc3 Nc6 3. g3 f5 4. Bg2 Nf6 5. d3 Bb4 6. Nh3 O-O 7. f4 Ng4 8. O-O
Bc5+ 9. Kh1 d6 10. Nd5 Ne7 11. e3 c6 12. Nxe7+ Qxe7 13. d4 exd4 14. exd4 Bb6
15. Re1 Qf6 16. c5 dxc5 17. d5 Bd7 18. Qb3 Kh8 19. Bd2 cxd5 20. Bxd5 Bc6 21.
Bc3 Qd6 22. Rad1 Rad8 0-1

[Event "Berkeley International"]
[Site "Berkeley"]
[Date "2011.01.05"]
[Round "7"]
[White "Naroditsky, Daniel"]
[Black "Coleman, Teddy"]
[Result "1-0"]
[WhiteElo "2419"]
[BlackElo "2282"]
[PlyCount "69"]
[EventDate "2011.01.02"]
[EventRounds "10"]
[EventCountry "USA"]
[SourceDate "2011.01.03"]

1. e4 c5 2. Nf3 e6 3. d4 cxd4 4. Nxd4 a6 5. Bd3 Qc7 6. O-O Nf6 7. Nc3 d6 8. a4
b6 9. Qe2 Bb7 10. Kh1 Be7 11. f4 Nbd7 12. Bd2 O-O 13. Rae1 Nc5 14. b4 Nxd3 15.
cxd3 Rfe8 16. b5 e5 17. fxe5 dxe5 18. Nf5 Bf8 19. Rc1 Qd7 20. Bg5 Re6 21. bxa6
Rxa6 22. Nh6+ Kh8 23. Nd5 Bxd5 24. exd5 Qxd5 25. Bxf6 Rxf6 26. Rxf6 gxh6 27.
Rf5 Rxa4 28. Rxe5 Qd6 29. Re8 Kg7 30. Rf1 Ra7 31. Qb2+ f6 32. Qe2 Re7 33. Qg4+
Kf7 34. Qh5+ Kg7 35. Rf3 1-0

[Event "Berkeley International"]
[Site "Berkeley"]
[Date "2011.01.05"]
[Round "7"]
[White "Pruess, David"]
[Black "Yang, Darwin"]
[Result "1/2-1/2"]
[WhiteElo "2377"]
[BlackElo "2421"]
[PlyCount "61"]
[EventDate "2011.01.02"]
[EventRounds "10"]
[EventCountry "USA"]
[SourceDate "2011.01.03"]

1. e4 e5 2. f4 exf4 3. Nf3 Ne7 4. d4 d5 5. Nc3 dxe4 6. Nxe4 Nd5 7. Bd3 Be7 8.
O-O O-O 9. c3 c6 10. Bc2 Bf5 11. Ne5 Nd7 12. Nxd7 Qxd7 13. Bxf4 Bxe4 14. Bxe4
Nxf4 15. Rxf4 f5 16. Bc2 Bg5 17. Rf1 Rae8 18. Qd3 g6 19. Rae1 Rxe1 20. Rxe1 Re8
21. Re2 Rxe2 22. Qxe2 Qe7 23. Qxe7 Bxe7 24. Kf2 Kg7 25. b4 Kf6 26. Ke3 g5 27.
h3 h5 28. Bd1 g4 29. hxg4 hxg4 30. Bb3 Bd6 31. a4 1/2-1/2

[Event "Berkeley International"]
[Site "Berkeley"]
[Date "2011.01.05"]
[Round "7"]
[White "Sandberg, Evan"]
[Black "Manvelyan, Hayk"]
[Result "1-0"]
[WhiteElo "2173"]
[BlackElo "2158"]
[PlyCount "79"]
[EventDate "2011.01.02"]
[EventRounds "10"]
[EventCountry "USA"]
[SourceDate "2011.01.03"]

1. e4 Nc6 2. Nf3 g6 3. d4 Bg7 4. Be3 d6 5. Nc3 Nf6 6. h3 O-O 7. Qd2 e5 8. O-O-O
exd4 9. Nxd4 Nxd4 10. Bxd4 Re8 11. f3 a6 12. h4 b5 13. h5 Be6 14. hxg6 fxg6 15.
Nd5 Bxd5 16. exd5 Qd7 17. g3 Qf7 18. Qh2 c6 19. f4 c5 20. Bg1 Bh8 21. Bh3 Nxd5
22. Bg2 Nb6 23. Bxa8 Rxa8 24. f5 Na4 25. c3 b4 26. fxg6 Qxg6 27. Rxd6 Qf7 28.
Qh5 Qxh5 29. Rxh5 bxc3 30. b3 Nb2 31. Rhd5 Bg7 32. Rd8+ Rxd8 33. Rxd8+ Kf7 34.
Bxc5 Bf6 35. Rd7+ Ke6 36. Rd6+ Kf5 37. Kc2 Be5 38. Rh6 Bxg3 39. Rxh7 Be5 40.
Bb4 1-0

[Event "Berkeley International"]
[Site "Berkeley"]
[Date "2011.01.05"]
[Round "7"]
[White "Sipos, Istvan"]
[Black "Milman, Lev"]
[Result "1-0"]
[WhiteElo "2409"]
[BlackElo "2467"]
[PlyCount "71"]
[EventDate "2011.01.02"]
[EventRounds "10"]
[EventCountry "USA"]
[SourceDate "2011.01.03"]

1. c4 Nf6 2. Nc3 c5 3. Nf3 Nc6 4. g3 g6 5. Bg2 d6 6. d4 cxd4 7. Nxd4 Bd7 8. Nb3
b6 9. Bg5 Bg7 10. Nd5 Ng4 11. h3 Nge5 12. Rc1 Be6 13. O-O Rc8 14. e4 Nd7 15.
Qe2 Nc5 16. Rfd1 Nxb3 17. axb3 O-O 18. b4 Re8 19. b5 Ne5 20. b3 Nd7 21. Nb4 Nb8
22. Be3 Qd7 23. Kh2 Qc7 24. f4 Rcd8 25. Rc2 Rc8 26. Ra2 Bc3 27. Bd2 Bf6 28. Rf1
Bd4 29. f5 Bd7 30. Nd5 Qd8 31. Bg5 Rc7 32. Qd2 Be5 33. f6 e6 34. Nxc7 Qxc7 35.
Bf4 Bxf6 36. Bxd6 1-0

[Event "Berkeley International"]
[Site "Berkeley"]
[Date "2011.01.05"]
[Round "7"]
[White "Van Wely, Loek"]
[Black "Erenburg, Sergey"]
[Result "1/2-1/2"]
[WhiteElo "2676"]
[BlackElo "2600"]
[PlyCount "41"]
[EventDate "2011.01.02"]
[EventRounds "10"]
[EventCountry "USA"]
[SourceDate "2011.01.03"]

1. d4 d5 2. c4 c6 3. Nf3 Nf6 4. Nc3 dxc4 5. a4 e6 6. e3 c5 7. Bxc4 Nc6 8. O-O
Be7 9. Qe2 cxd4 10. Rd1 O-O 11. exd4 Nb4 12. Ne5 Bd7 13. h4 Bc6 14. Nxc6 bxc6
15. a5 Qc7 16. g3 Rfd8 17. Bf4 Bd6 18. Bg5 Be7 19. Bf4 Bd6 20. Bg5 Be7 21. Bf4
1/2-1/2

[Event "Berkeley International"]
[Site "Berkeley"]
[Date "2011.01.05"]
[Round "7"]
[White "Zepeda, Lorena"]
[Black "Kavutskiy, Konstantin"]
[Result "1/2-1/2"]
[WhiteElo "2202"]
[BlackElo "2170"]
[PlyCount "73"]
[EventDate "2011.01.02"]
[EventRounds "10"]
[EventCountry "USA"]
[SourceDate "2011.01.03"]

1. e4 e6 2. d3 d5 3. Nd2 c5 4. Ngf3 Nf6 5. g3 g6 6. Bg2 Bg7 7. O-O O-O 8. Re1
Nc6 9. c3 b6 10. e5 Nd7 11. d4 a5 12. Nf1 Ba6 13. a3 b5 14. h4 h6 15. N1h2 Qe7
16. Ng4 Kh7 17. Be3 Rfc8 18. Qd2 Qf8 19. Bf1 b4 20. Bxa6 Rxa6 21. h5 bxc3 22.
bxc3 cxd4 23. cxd4 Nb6 24. Rab1 Nc4 25. Qd3 Ra7 26. Kg2 Ne7 27. hxg6+ fxg6 28.
Bxh6 Bxh6 29. Rh1 Qf5 30. Qxf5 Nxf5 31. Nxh6 Nxh6 32. Ng5+ Kg7 33. Nxe6+ Kf7
34. Ng5+ Kg7 35. Ne6+ Kf7 36. Ng5+ Kg7 37. Ne6+ 1/2-1/2

[Event "Berkeley International"]
[Site "Berkeley"]
[Date "2011.01.05"]
[Round "8"]
[White "Shmeliov, Denis"]
[Black "Hess, Robert L"]
[Result "1/2-1/2"]
[WhiteElo "2357"]
[BlackElo "2572"]
[PlyCount "120"]
[EventDate "2011.01.02"]
[EventRounds "10"]
[EventCountry "USA"]
[SourceDate "2011.01.03"]

1. d4 Nf6 2. c4 e6 3. Nc3 Bb4 4. e3 c5 5. Nge2 cxd4 6. exd4 d5 7. a3 Be7 8.
cxd5 Nxd5 9. Nxd5 Qxd5 10. Nc3 Qa5 11. Bc4 O-O 12. O-O Bd6 13. Qe2 Nc6 14. Rd1
e5 15. Nb5 Bb8 16. d5 Nd8 17. b4 Qb6 18. Be3 Qg6 19. Bc5 Re8 20. d6 Bd7 21. Nc7
Bxc7 22. dxc7 Bc6 23. f3 Ne6 24. Bxe6 Qxe6 25. Rd6 Qb3 26. Bxa7 e4 27. fxe4
Rxa7 28. Rd8 Qe6 29. c8=Q Qxc8 30. Rxc8 Rxc8 31. Qe3 Raa8 32. Rd1 Re8 33. e5
Ba4 34. Rd6 b5 35. h4 Re7 36. Qd4 Rae8 37. Rd7 Rxd7 38. Qxd7 Kf8 39. Qd6+ Kg8
40. Kf2 h6 41. Kg3 Re6 42. Qc7 g6 43. Kf4 Kg7 44. g4 Bd1 45. Qd7 Ba4 46. g5
hxg5+ 47. hxg5 Kg8 48. Ke4 Kg7 49. Kd4 Kg8 50. Qc7 Kg7 51. Qb8 Ra6 52. Kc5 Re6
53. Qc7 Kg8 54. Qd8+ Kg7 55. Qb8 Kh7 56. Kd4 Kg7 57. Qd8 Ra6 58. Kd5 Re6 59.
Qb8 Bb3+ 60. Kc5 Ba4 1/2-1/2

[Event "Berkeley International"]
[Site "Berkeley"]
[Date "2011.01.06"]
[Round "8"]
[White "Abrahamyan, Tatev"]
[Black "Ris, Robert"]
[Result "1-0"]
[WhiteElo "2327"]
[BlackElo "2418"]
[PlyCount "85"]
[EventDate "2011.01.02"]
[EventRounds "10"]
[EventCountry "USA"]
[SourceDate "2011.01.03"]

1. e4 c5 2. Nf3 e6 3. d4 cxd4 4. Nxd4 a6 5. Bd3 g6 6. O-O Bg7 7. Nb3 Nc6 8. Nc3
Nge7 9. Be3 d5 10. exd5 Nxd5 11. Nxd5 Qxd5 12. Bc5 Bxb2 13. Rb1 Bf6 14. Qe2 Be7
15. Be4 Qg5 16. Be3 Qe5 17. Bh6 Bd7 18. Rfe1 Bg5 19. Qg4 Bxh6 20. Bxc6 Qd6 21.
Bxd7+ Qxd7 22. Nc5 Qd5 23. Nxe6 fxe6 24. c4 Qf5 25. Rxe6+ Kd7 26. Qxf5 gxf5 27.
Rxh6 Kc7 28. Re1 Rad8 29. Re7+ Kc8 30. g3 Rd2 31. Rb6 f4 32. Rbxb7 f3 33. h4
Rd4 34. Kh2 Rd2 35. Rec7+ Kd8 36. Rf7 Rxf2+ 37. Kh3 Kc8 38. Ra7 Kb8 39. Rxa6
Rf1 40. Raf6 Rh1+ 41. Kg4 Rg8+ 42. Kxf3 Rf1+ 43. Kg2 1-0